|
|
|
|
| LEADER |
01752nam a2200301 a 4500 |
| 001 |
0018005 |
| 003 |
BD-DhAAL |
| 008 |
100322s1991 enka b 001 0 eng d |
| 010 |
|
|
|a \\\90006319
|
| 020 |
|
|
|a 0077072383
|
| 040 |
|
|
|a DLC
|c DLC
|d DLC
|d BD-DhAAL
|
| 082 |
0 |
0 |
|a 621.31042
|2 20
|
| 100 |
1 |
|
|a O'Kelly, Denis.
|9 58598
|
| 245 |
1 |
0 |
|a Performance and control of electrical machines /
|c Denis O'Kelly.
|
| 260 |
|
|
|a London ;
|a New York :
|b McGraw-Hill,
|c c1991.
|
| 300 |
|
|
|a xviii, 360 p. :
|b ill. ;
|c 23 cm
|
| 504 |
|
|
|a Includes bibliographical references (p. 353) and index.
|
| 526 |
|
|
|a EEE
|x Md Sayeed Salam
Department of Electrical and Electronic Engineering
BRAC University
Course Name : Energy Conversion I (EEE 221) and Energy Conversion II (EEE 223)
|
| 541 |
|
|
|e 0018005
|a D. S. Books International
|
| 650 |
|
0 |
|a Electric machinery
|x Regulation.
|9 58599
|
| 650 |
|
0 |
|a Electronic control.
|9 58600
|
| 740 |
0 |
|
|a Electrical machines.
|
| 852 |
4 |
|
|a Ayesha Abed Library
|c General Stacks
|
| 942 |
|
|
|2 ddc
|c BK
|
| 999 |
|
|
|c 7830
|d 7830
|
| 952 |
|
|
|0 0
|1 0
|2 ddc
|4 0
|6 621_310420000000000_OKE_1991
|7 0
|9 8733
|a BRACUL
|b BRACUL
|c GEN
|d 2010-03-22
|l 0
|o 621.31042 OKE
|p 3010019983
|r 2012-02-08
|t 2
|w 2010-03-22
|y BK
|
| 952 |
|
|
|0 0
|1 0
|2 ddc
|4 0
|6 621_310420000000000_OKE_1991
|7 0
|9 8734
|a BRACUL
|b BRACUL
|c GEN
|d 2010-03-22
|l 1
|m 17
|o 621.31042 OKE
|p 3010019984
|r 2017-11-20
|s 2017-09-27
|t 3
|w 2010-03-22
|y BK
|
| 952 |
|
|
|0 0
|1 0
|2 ddc
|4 0
|6 621_310420000000000_OKE_1991
|7 0
|9 8785
|a BRACUL
|b BRACUL
|c GEN
|d 2010-03-24
|e D. S. Books International
|l 0
|o 621.31042 OKE
|p 3010018005
|r 2010-03-24
|t 1
|w 2010-03-24
|y BK
|x Requisitioned by Md Sayeed Salam (Department of Electrical and Electronic Engineering, BRAC University) for the course named-"Energy Conversion I (EEE 221) and Energy Conversion II (EEE 223)" ; USD 52.00
|